| 000 | 01322nam a2200289 a 4500 | ||
|---|---|---|---|
| 001 | 000013811 | ||
| 005 | 20260527074041.0 | ||
| 008 | 091130s2008 dr a r 000 0 spa d | ||
| 020 | _a9789945865141 | ||
| 040 |
_aDO-SdBNP _bspa _cBNPHU |
||
| 082 |
_a324.27293 _bT266p |
||
| 100 | 1 |
_aTejada Holguín, Ramón, _d1961- _929856 |
|
| 245 | 1 | 3 |
_aEl papel de los partidos políticos en la construcción de la transparencia en la administración pública / _cRamón Tejada Holguín. |
| 260 |
_aSanto Domingo : _bFLACSO : _bCONARE , _c[2008]. |
||
| 300 |
_a46 p. : _bil. ; _c22 cm. |
||
| 490 | 1 | _aReforma y Modernización del Sistema Político Dominicano | |
| 500 | _aA la cabeza de la portada : Segundo desayuno-panel Facultad Latinoamericana de Ciencias Sociales (FLACSO) | ||
| 500 | _aIncluye referencias bibliográficas y notas al pie de las páginas | ||
| 504 | _aBibliografía : p. 32-33 | ||
| 590 | _aInventariado, 2019/MFF | ||
| 650 | 0 |
_aPartidos políticos _zRepública Dominicana _9285 |
|
| 650 | 0 |
_a Delitos de los funcionarios _96080 |
|
| 710 | 2 | 2 |
_aFacultad Latinoamericana de Ciencias Sociales _9294 |
| 710 | 1 | 2 |
_aRepública Dominicana. Consejo Nacional de Reforma del Estado _964396 |
| 830 | 0 |
_aReforma y Modernización del Sistema Político Dominicano _931304 |
|
| 910 | _aValidado. Control de calidad. MFF | ||
| 999 |
_c13423 _d13423 |
||